Recueil de facsimilés d'autographes de personnages célèbres, appartenant à plusieurs siècles, (Record no. 5858)

MARC details
000 -LEADER
fixed length control field 00843cam a22002531a 4500
001 - CONTROL NUMBER
control field af 48003984
003 - CONTROL NUMBER IDENTIFIER
control field DLC
005 - DATE AND TIME OF LATEST TRANSACTION
control field 20260227110905.0
008 - FIXED-LENGTH DATA ELEMENTS--GENERAL INFORMATION
fixed length control field 820415s1925 sz h 001 0 fre c
010 ## - LIBRARY OF CONGRESS CONTROL NUMBER
LC control number af 48003984
035 ## - SYSTEM CONTROL NUMBER
System control number (OCoLC)8340386
040 ## - CATALOGING SOURCE
Original cataloging agency Chicago. Univ. Libr.
Transcribing agency CLU
Modifying agency DLC
042 ## - AUTHENTICATION CODE
Authentication code premarc
050 00 - LIBRARY OF CONGRESS CALL NUMBER
Classification number Z42
Item number .G33
100 2# - MAIN ENTRY--PERSONAL NAME
Personal name Geigy-Hagenbach, Karl,
Dates associated with a name 1866-
Relator term comp.
245 10 - TITLE STATEMENT
Title Recueil de facsimilés d'autographes de personnages célèbres, appartenant à plusieurs siècles,
Statement of responsibility, etc. par Charles Geigy.
260 ## - PUBLICATION, DISTRIBUTION, ETC.
Place of publication, distribution, etc. Bâle,
Name of publisher, distributor, etc. R. Geering,
Date of publication, distribution, etc. 1925.
300 ## - PHYSICAL DESCRIPTION
Extent 296 p.
Other physical details facsim.
Dimensions 32 cm.
500 ## - GENERAL NOTE
General note Cover title: Autographes.
500 ## - GENERAL NOTE
General note Preface and headings in French, German and English.
500 ## - GENERAL NOTE
General note Pub. also with t.p. in English.
650 #0 - SUBJECT ADDED ENTRY--TOPICAL TERM
Topical term or geographic name entry element Autographs
General subdivision Facsimiles.
650 #0 - SUBJECT ADDED ENTRY--TOPICAL TERM
Topical term or geographic name entry element Autographs
General subdivision Collections.

No items available.

Powered by Koha